000 01019cad a22002535a 4500
001 E151106
008 100930s2009 xxk f 100 0 eng d
020 _a9781842195192
035 _a(Sirsi) u151106
041 0 _aeng
100 1 _aVisscher, Henk
111 2 _aConstruction and Building Research Conference
_cUniversity of Cape Town
_d10-11 September 2009
245 0 4 _aThe impact of energy performance regulations on systems of building control
_h[electronic resource]
260 _aLondon
_bRICS
_c2009
520 _aA paper presented at the COBRA Conference in Cape Town on 10-11 September 2009.
590 _aKA
650 2 4 _aCONSTRUCTION AND BUILDING RESEARCH CONFERENCE (COBRA)
651 4 _aEurope
690 _aENVIRONMENTAL AND LAND CONSULTANCY-ENERGY-ENERGY USE-ENERGY EFFICIENCY
700 1 _aMlecnik, Erwin
700 1 _aMeijer, Frits
856 4 0 _uhttps://www.rics.org/site/scripts/download_info.aspx?fileID=5058&categoryID=524
_zView the item free of charge at www.rics.org
942 _n0
999 _c111158
_d111158